Govt. of
Madhya Pradesh

SSC Reasoning Solved Paper 2023 12800+ (Record no. 66115)

MARC details
000 -LEADER
fixed length control field 00262nam a22001097a 4500
082 ## - DEWEY DECIMAL CLASSIFICATION NUMBER
Classification number 160
100 ## - MAIN ENTRY--AUTHOR NAME
Personal name Kiran Pub.
245 ## - TITLE STATEMENT
Title SSC Reasoning Solved Paper 2023 12800+
260 ## - PUBLICATION, DISTRIBUTION, ETC. (IMPRINT)
Place of publication Delhi
Name of publisher Kiran Publication
Year of publication 2023
650 ## - SUBJECT ADDED ENTRY--TOPICAL TERM
Topical Term Reasoning
942 ## - ADDED ENTRY ELEMENTS (KOHA)
Koha item type Books
Holdings
Withdrawn status Lost status Damaged status Not for loan Home library Current library Date acquired Cost, normal purchase price Full call number Accession Number Price effective from Koha item type
        MACL MACL 20/10/2023 735.00 160 DPI001389 20/10/2023 Books
        MACL MACL 20/10/2023 545.00 160 DPI001386 20/10/2023 Books